Normal view
MARC view
- Filimonau, Viachaslau
Entry Personal Name
001 - CONTROL NUMBER
- control field: 47551
003 - CONTROL NUMBER IDENTIFIER
- control field: OSt
005 - DATE AND TIME OF LATEST TRANSACTION
- control field: 20230127103737.0
008 - FIXED-LENGTH DATA ELEMENTS
- fixed length control field: 230127|| aca||aabn | a|a d
040 ## - CATALOGING SOURCE
- Original cataloging agency: OSt
- Transcribing agency: OSt
100 ## - HEADING--PERSONAL NAME
- Personal name: Filimonau, Viachaslau
- Relator term: author.
670 ## - SOURCE DATA FOUND
- Source citation: Work cat.: (OSt): Filimonau, Viachaslau author., An exploratory study of managerial approaches to food waste mitigation in coffee shops /, ©January 2019.
